| 000 | 00741nam a22002657a 4500 | ||
|---|---|---|---|
| 999 |
_c19164 _d19164 |
||
| 001 | 18328174 | ||
| 003 | OSt | ||
| 005 | 20201109145126.0 | ||
| 008 | 160927b xxu||||| |||| 00| 0 eng d | ||
| 010 | _a 2013656990 | ||
| 020 | _a9780446615624 | ||
| 020 | _a0446615625 | ||
| 040 |
_aMMU _cMMU _beng _dMMU _eMMU |
||
| 050 | 0 | 0 | _aPR9234 .B353 2005 |
| 100 | 1 | _aBaldacci, David. | |
| 245 | 1 | 4 |
_aThe camel club / _cDavid Baldacci. |
| 260 |
_aNew York : _bGrand Central Publishing, _c2005. |
||
| 300 |
_a610 p. : _c18 cm. |
||
| 650 | 0 |
_aSecret societies _vFiction. |
|
| 650 | 0 |
_aNuclear warfare _vFiction. |
|
| 650 | 0 |
_aConspiracies _vFiction. |
|
| 650 | 0 | _aSuspense fiction. | |
| 655 | 7 |
_aSuspense fiction. _2gsafd |
|
| 942 |
_2lcc _cLOAN LOAN |
||